Statistiche per Paesi della NATO

Clicka qui per fare il quiz!

Statistiche generali

  • Questo quiz è stato fatto 6.349 volte
    (5.655 dall'ultimo reset)
  • Il punteggio medio è 24 su 30

Statistiche sulle risposte

AdesionePaese% Corretto
1949Italia
99%
1949Francia
97%
1955Germania
96%
1949Stati Uniti
96%
1982Spagna
95%
1949Portogallo
92%
1949Regno Unito
91%
1949Belgio
86%
1949Canada
86%
1999Polonia
86%
1952Grecia
85%
1949Paesi Bassi
84%
1949Norvegia
83%
2004Romania
82%
2009Croazia
81%
2009Albania
79%
1949Danimarca
78%
2004Estonia
78%
2004Slovenia
78%
2004Lettonia
77%
2004Lituania
77%
2004Bulgaria
74%
1952Turchia
74%
1999Ungheria
74%
1999Repubblica Ceca
73%
2004Slovacchia
73%
1949Lussemburgo
71%
1949Islanda
66%
2020Macedonia del Nord
62%
2017Montenegro
59%

Distribuzione punteggi

Percentile per numero di risposta

Percentuale di utenti per punteggio

I tuoi punteggi nel tempo

Non hai fatto questo quiz dall'ultimo reset